000 00268nam a22001097a 4500
041 _aENG
245 _aAgricultural Wheeled Tractors - Rear - Mounted Three- Point Linkage
260 _aNew Delhi
_bBIS
_c1997
300 _a13
650 _aBIS Code
856 _uBIS Code
999 _c2064
_d2064